Η σύντομη ζωή = La vida breve : λυρικό δράμα σε δύο πράξεις και τέσσερις εικόνες

Αποθηκεύτηκε σε:
Λεπτομέρειες βιβλιογραφικής εγγραφής
Κύριος συγγραφέας: Falla, Manuel de, 1876-1946 (Συνθέτης)
Άλλοι συγγραφείς: Fernandez Shaw, Carlos 1865-1911 (Λιμπρετίστας), Θεοδωροπούλου, Χριστίνα (trlf [Μεταφράστρια]), Σοφράς, Ερρίκος (edt [Επιμελητής])
Μορφή: Βιβλίο
Γλώσσα:Greek
Spanish
Δημοσίευση: [Αθήνα] : Εθνική Λυρική Σκηνή, [2006-2007].
Θέματα:
Ετικέτες: Προσθήκη ετικέτας
Δεν υπάρχουν, Καταχωρήστε ετικέτα πρώτοι!

MARC

LEADER 00000cam a2200000 i 4500
001 1/101021
008 090210s2006 gre d
035 |l 10103088 
040 |a GR-MY-UA  |b gre  |e aacr 
041 0 |a gre  |a spa 
082 0 |a 782.10268  |2 (22) 
100 1 |a Falla, Manuel de,   |d 1876-1946.  |4 cmp 
245 1 2 |a Η σύντομη ζωή =   |b La vida breve : λυρικό δράμα σε δύο πράξεις και τέσσερις εικόνες /   |c Μανουέλ Ντε Φάλλια ; ποιητικό κείμενο Κάρλος Φερνάντεθ Σόου ; μετάφραση Χριστίνα Θεοδωροπούλου ; επιμέλεια κειμένων Ερρίκος Σοφράς.  
246 3 3 |a La vida breve 
260 |a [Αθήνα] :   |b Εθνική Λυρική Σκηνή,   |c [2006-2007].  
300 |a 75 σ. :   |b έγχρ. εικ. ;   |c 21 εκ.  
500 |a Εθνική Λυρική Σκηνή, καλλιτεχνική περίοδος 2006-2007, αριθμός έκδοσης 3.  
500 |a Επιμέλεια έκδοσης Νίκος Α. Δοντάς, καλλιτεχνική επιμέλεια Βάσω Αβραμοπούλου.  
600 1 0 |a Falla, Manuel de,   |d 1876-1946  |x Stories, plots, etc. 
650 0 0 |a Operas  |x Stories, plots, etc. 
650 0 0 |a Operas  |x Librettos. 
700 1 |a Fernandez Shaw, Carlos  |d 1865-1911,  |e lbt 
700 1 |a Θεοδωροπούλου, Χριστίνα,  |e trlf [Μεταφράστρια] 
700 1 |a Σοφράς, Ερρίκος,  |e edt [Επιμελητής] 
852 |a INST  |b LESVOS  |e 20090210  |h 782.10268 FAL  |p 005100039934  |q 005100039934  |t BK  |y 0 
901 |a BIBL1-2009-1 
909 |a Λ  |b 121693 
970 |a ΤΖΑΦΕΡΗ  |b ΕΥΑΓΓΕΛΙΑ  |z 2009/02/09